000
00349nam a22001577a 4500
005
20251108172313.0
008
250721s1981 xx 000 0 eng d
082
1
4
_a
J/F/JOU
245
1
0
_a
Journey to the sun /
250
_a
2nd ed.
264
1
_a
Beijing :
_c
1981.
300
_a
140p.
650
1
7
_a
Fiction
942
_2
ddc
_c
BK
999
_c
75662
_d
75662